| 000 | 00712nam a2200181 a 4500 | ||
|---|---|---|---|
| 001 | 000028809 | ||
| 005 | 20240508073816.0 | ||
| 008 | 110412s2010 dr c 000 0 spa d | ||
| 020 | _a9789945074031 | ||
| 040 |
_aDO-SdBNP _bspa _cBNPHU |
||
| 245 | 0 | 0 |
_aCuentos y escritos de Vicenç Riera Llorca en La Nación / _ccompiladora Natalia González Tejera. |
| 260 |
_aSanto Domingo : _bComisión Permanente de Efemérides Patria : _bArchivo General de la Nación, _c2010. |
||
| 300 |
_a139 p. : _bretrs. ; _c23 cm. |
||
| 490 | 1 |
_aArchivo General de la Nación _v110 |
|
| 504 | _aIncluye referencias bibliográficas y notas al pie de las páginas | ||
| 700 | 1 | 2 |
_aGonzález Tejera, Natalia, _ecomp. _955788 |
| 049 | _aBNPD | ||
| 999 |
_c28301 _d28301 |
||